000
00320nam a2200121 4500
999
_c
11794
_d
11794
003
OSt
005
20230726160558.0
008
230726b ||||| |||| 00| 0 eng d
100
_a
L R Vagale
245
_a
United nations office of technical co-operation
260
_a
India
_b
Ministry of lands and housing
942
_2
ddc